Sportifs étrangers Français à reconnaitre 2 - Statistiques

Statistiques générales
  • Ce quiz a été pris 6 fois
  • Le résultat moyen est 4 sur 16
Statistiques - réponses
Par images Réponse % Correct
Jean Claude Killy
100%
Bjorn Borg
50%
Monica Seles
50%
Jean Philippe Gatien
33%
Martina Hingis
33%
Ellen macarthur
17%
Jimmy Connors
17%
Joel Bats
17%
Nancy Kerrigan
17%
Sergei bubka
17%
Tonya Harding
17%
Catherine Destivelle
0%
Christine Caron
0%
Duchesnay
0%
Marc Pajot
0%
Midori ito
0%
Aucun quiz correspondant
Distribution des résultats
% des personnes avec chaque résultat
Percentile par nombre de réponses
Votre historique - résultats
Vous n’avez pas pris ce quiz